| 000 | 00899nam a22002177a 4500 | ||
|---|---|---|---|
| 005 | 20120727111120.0 | ||
| 010 | _aB-477231 | ||
| 020 |
_a9788182902312 _c1975.00 |
||
| 035 | _aB-477231 | ||
| 037 |
_adpl _bK.K.Pub/Ven |
||
| 082 | _a954.16 | ||
| 100 |
_aQuraishi, S Y _951095 |
||
| 245 |
_aOld Delhi ; _bLiving Traditions / _cby SY Quraishi |
||
| 260 |
_aHaryana _bShubhi Publications _c2010 |
||
| 270 |
_a240, 2nd floor city centre _bGurgaon, Haryana _e122002 |
||
| 300 |
_a129 p. _c30 cm. (Hb) |
||
| 500 | _aIncludes bibliographical references and index | ||
| 942 |
_2ddc _cEN _mQUR _h954.16 |
||
| 999 |
_c68753 _d68753 |
||